书目信息 |
| 题名: |
红镜头 上
|
|
| 作者: | 顾保孜 撰文 ;杜修贤 摄影 | |
| 分册: | ||
| 出版信息: | 沈阳 辽宁人民出版社 1998.2 |
|
| 页数: | 358页 | |
| 开本: | 21cm | |
| 丛书名: | ||
| 单 册: | ||
| 中图分类: | K827.7-64 | |
| 科图分类: | ||
| 主题词: | 政治家--生平事迹--中国--摄影集 , 生平事迹 | |
| 电子资源: | ||
| ISBN: | 7-205-04102-3 | |
| 000 | 00745nam0 2200241 45 | |
| 001 | 012003000000 | |
| 005 | 20041013162356.72 | |
| 010 | @a7-205-04102-3@dCNY 34.00 | |
| 100 | @a20030915e19981998em y0chiy0121 ea | |
| 101 | 0 | @achi |
| 102 | @aCN@b210000 | |
| 105 | @af z 000yy | |
| 200 | 1 | @a红镜头 上@Ahong jing tou shang@e中南海摄影师眼中的国事风云@f顾保孜撰文@g杜修贤摄影 |
| 210 | @a沈阳@c辽宁人民出版社@d1998.2@h1998.7重印 | |
| 215 | @a358页@c照片@d21cm | |
| 517 | 1 | @a中南海摄影师眼中的国事风云 |
| 606 | 0 | @a政治家@x生平事迹@y中国@j摄影集 |
| 606 | 0 | @a生平事迹 |
| 690 | @aK827.7-64@v4 | |
| 701 | 0 | @a顾保孜@Agu bao zi@4撰文 |
| 702 | 0 | @a杜修贤@Adu xiu xian@4摄影 |
| 801 | 0 | @aCN@bQSSK3@c20041013 |
| 905 | @a10447@dK827.7-64@eG480:1 | |
| 红镜头 上:中南海摄影师眼中的国事风云/顾保孜撰文/杜修贤摄影.-沈阳:辽宁人民出版社,1998.2(1998.7重印) |
| 358页:照片;21cm |
| ISBN 7-205-04102-3:CNY 34.00 |
| ● |
| 相关链接 |
|
|
|
正题名:红镜头 上
索取号:K827.7-64/G480:1
 
预约/预借
| 序号 | 登录号 | 条形码 | 馆藏地/架位号 | 状态 | 备注 |
| 1 | 420036 | 204200364 | 自科二线404/309社科库 59排7列4层/ [索取号:K827.7-64/G480:1] | 在馆 | |
| 2 | 420037 | 204200373 | 社科库309/309社科库 59排7列6层/ [索取号:K827.7-64/G480:1] | 在馆 | |
| 3 | 420038 | 204200382 | 社科库309/309社科库 59排7列6层/ [索取号:K827.7-64/G480:1] | 在馆 |